000 00304nam a2200157Ia 4500
100 _aKanetkar/Yashavant
650 _aunix
942 _cBK
366 _f25
245 _aUnix shell programming
260 _bBPB
_c1996
082 _a5.133
_bKAN
300 _a486
546 _aENGLISH
999 _c23916
_d23916